00244 a2200109 4500001000700000020000600007040001100013100001800024240004400042245003900086362000900125169984 a  cMagnum aColin, Claude10aComo falar de sexo com as criancaslpor10aComo falar de sexo com as criancas0 a1899